Animal and Plant Health Inspection Service.

Bibliographic Details
Corporate Author: United States. Animal and Plant Health Inspection Service
Format: Government Document Book
Language:English
Subjects:

MARC

Tag First Indicator Second Indicator Subfields
LEADER 00000cam a2200000 i 4500
001 in00000802409
005 20151017103829.0
008 791011s1979 dcua f00010 eng d
010 |a gp 80001863  
020 |c $0.75 (pbk. :) 
035 |a (OCoLC)05536183 
035 |9 ADT8275AM 
037 |b 20402 
040 |c GPO  |d UtOrBLW 
043 |a n-us-dc 
074 |a 30-A-5 
086 0 |a A 101.2:An 5/3 
110 1 |a United States.  |b Animal and Plant Health Inspection Service. 
245 1 0 |a Animal and Plant Health Inspection Service. 
264 2 |a [Washington] :  |b Dept. of Agriculture, Animal and Plant Health Inspection Service : for sale by the Supt. of Docs., U.S. Govt. Print. Off,  |c 1979. 
300 |a 8 unnumbered pages :  |b illustrations ;  |c 23 x 11 cm. 
336 |a text  |b txt  |2 rdacontent 
337 |a unmediated  |b n  |2 rdamedia 
338 |a volume  |b nc  |2 rdacarrier 
500 |a Issued July 1979. 
610 1 0 |a United States.  |b Animal and Plant Health Inspection Service. 
999 |a MARS 
999 f f |s 9aaf6008-18ea-3efd-94d7-2f0b79d0e4ca  |i a440333d-5e4c-3457-a853-7b9731ad2d43  |t 0 
952 f f |p normal  |a Texas A&M University  |b College Station  |c Sterling C. Evans Library  |d Evans: US Documents (Annex 5th floor)  |t 0  |e A 101.2:An 5/3  |h Superintendent of Documents classification  |i unmediated -- volume  |m A14813592209 
998 f f |a A 101.2:An 5/3  |t 0  |l Evans: US Documents (Annex 5th floor)